000 00650nam a2200253Ia 4500
001 406
005 20240113233413.0
007 ta
008 050111s2001 a g b000 u eng u
020 _a0-19-285374-0
040 _aRef. stack
041 _aeng
082 _a181.2
_bHa 18 In
100 _aHamilton, Sue .
245 0 _aIndian philosophy:A Very Short Introduction /
_cSue Hamilton.
_hTextual Documents
250 _a1st ed /
260 _aNew York :
_bOxford university ,
_cc2001.
300 _a153p. :
_bill ;
_c18cm .
653 _aPhilosophy
942 _2ddc
_cBK
999 _c404
_d404